000 00615nam a22002057a 4500
003 OSt
005 20170801064014.0
008 170801b xxu||||| |||| 00| 0 esp d
020 _a978-9945-8740-7-5
040 _cRCAA
082 _aRD P327.73
_bB742p 2012
100 _aBosch, Juan
245 _aEl pentagonismo, sustituto del imperialismo /
_c Juan Bosch
260 _aSanto Domingo:
_b Fundación Juan Bosch,
_c2012
300 _a170 páginas
440 _aColección Bosh para todos
650 _aEstados Unidos - Política militar
650 _aEstados Unidos - Relaciones exteriores
942 _2ddc
_cBK
999 _c1451
_d1451